00472 2200169 4500001002100000008004100021035002000062245007700082100003200159250000600191260004500197300001200242084001400254082000800268650001400276990001200290INLIS000000000001122 ind  a0010-0524000357 aDzikir Pagi Petang Dan Sesudah Shalat FarducYazid Bin Abdul Qadir Jawas aYazid Bin Abdul Qadir Jawas a1 aJakarta :bPustaka Imam Asy-syafiic2016 a126 hlm a200 YAZ d a200 aNon Fiksi a0744100